Formula One Constructors Starting With R - Statistics

General Stats
  • This quiz has been taken 20 times
  • The average score is 6 of 9
Answer Stats
Seasons Races Constructor % Correct
1965 1 RE
100%
2005– 418 Red Bull
100%
2024– 48 Racing Bulls (VCARB)
94%
1977–1985, 2002–2011, 2016–2020 403 Renault
88%
2019–2020 38 Racing Point
71%
2018 9 Racing Point Force India
71%
1983–1985 44 RAM
29%
1979 3 Rebaque
18%
1988–1989 32 Rial
12%
No matching quizzes found
Score Distribution
Percent of People with Each Score
Percentile by Number Answered
Your Score History
You have not taken this quiz